| 000 | 00530nam a2200181 a 4500 | ||
|---|---|---|---|
| 001 | 1032 | ||
| 003 | CDMR | ||
| 005 | 20130116135200.0 | ||
| 008 | 130130s1975||||||||||||||||||||||||||||d | ||
| 040 |
_aCDMR _bcat _cCDMR |
||
| 100 | 1 |
_aPiquer i Jover, Josep Joan _9813 |
|
| 245 | 1 | 3 |
_aEl periodista Ramón Pomés i el seu temps _cJosep Joan Piquér i Jovér |
| 260 |
_aBarcelona _c1975 _bDalmau |
||
| 300 |
_a76 p ; _c17 cm |
||
| 490 | 0 |
_aEpisodis de la història _v221, 222 _9814 |
|
| 600 | 1 | 4 |
_aPomés, Ramón _vBiografia _9815 |
| 942 | _cMON | ||
| 999 |
_c1032 _d1032 |
||